header

Conventional choices (Record no. 128107)

MARC details
000 -LEADER
fixed length control field 01466nam a2200361Ia 4500
082 04 - DEWEY DECIMAL CLASSIFICATION NUMBER
Classification number 303.3/4
100 1# - MAIN ENTRY--AUTHOR NAME
Personal name Stewart, Ian,
245 10 - TITLE STATEMENT
Title Conventional choices
260 ## - PUBLICATION, DISTRIBUTION, ETC. (IMPRINT)
Place of publication Vancouver :
Name of publisher UBC Press,
Year of publication c2007.
300 ## - PHYSICAL DESCRIPTION
Number of Pages xii, 305 p. :
Other physical details ill.
650 #0 - SUBJECT ADDED ENTRY--TOPICAL TERM
Topical Term Leadership.
Topical Term Political leadership
Topical Term Political parties
Topical Term Elections
Topical Term Politicians
Topical Term Political conventions
700 1# - ADDED ENTRY--PERSONAL NAME
Personal name Stewart, David Kenney,
856 40 - ELECTRONIC LOCATION AND ACCESS
Uniform Resource Identifier http://site.ebrary.com/lib/rucke/Doc?id=10214442

No items available.

© 2026 Rongo University
Contact us: librarian | system librarian | Rongo university